000 00991nam a2200277 a 4500
001 BRCA_7571
005 20190320205908.0
008 130613s1955----ja-a######---#000-0#eng-#
041 _aeng
044 _aja
050 4 _aND1050
_b.T74 1955
245 1 0 _aTreasures from Japan:
_bpaintings
_cintroduction by Robert P. Griffing Jr.
260 _a[Tokyo]
_bHonolulu Academy of Arts
_c1955
300 _a18 p.
_bil. (algunas a color), 47 láminas
_c26 cm.
500 _aExhibición conjunta del Museo Nacional de Tokio y la Academia de Artes de Honolulú en febrero de 1955
500 _aS55
650 1 4 _aPinturas japonesas
_vExposiciones
_918676
650 1 4 _aArte
_zJapón
_91166
650 1 4 _aGalerías y museos
_zJapón
_918677
650 1 4 _aGalerías y museos
_zEstados Unidos
_97437
700 1 _aGriffing, Robert P.
_eintr.
_918678
710 2 _aTokyo National Museum (Japón)
_918679
710 2 _aHonolulu Academy of Arts (Estados Unidos)
_918680
902 _aGFM
942 _2lcc
_cB
999 _c7245
_d7245